|
|
|
|
| LEADER |
00000nab a2200000 a 4500 |
| 001 |
vtls008307620 |
| 003 |
SK-MaSNL |
| 005 |
20260304134329.0 |
| 008 |
250505c2005 xo |||||||| 000 b|slo |
| 015 |
|
|
|a SNBRB2005/11
|2 snkbucl
|
| 035 |
|
|
|a (uuid)856e36e2-6aa1-4fbe-b134-6fe5473bdb18
|
| 035 |
|
|
|a urn:nbn:sk:snk-abvnj
|
| 035 |
|
|
|a (urnnbn)urn:nbn:sk:snk:ar-00359h
|
| 038 |
|
|
|a SNKBUCL
|
| 040 |
|
|
|a SNKBUCL
|b slo
|c SNKBUCL
|e AACR2
|
| 041 |
0 |
|
|a slo
|
| 044 |
|
|
|a xo
|c SK
|
| 080 |
|
|
|a 930.253
|x (437.6)
|2 1997
|
| 080 |
|
|
|a 351.746.1:930.253
|x (437.6)
|2 1997
|
| 245 |
0 |
0 |
|a Bádateľský poriadok Archívu Ústavu pamäti národa
|
| 610 |
2 |
7 |
|a Ústav pamäti národa.
|b Archív
|2 SNKKA
|9 251558
|
| 650 |
0 |
7 |
|a bádateľské poriadky
|2 snkbucl
|9 1452098
|
| 773 |
0 |
|
|t Pamäť národa
|g Č. 1 (2005), s. 77-78
|x 1336-6297
|
| 850 |
|
|
|a Slovenská národná knižnica
|
| 852 |
|
|
|a Slovenská národná knižnica
|
| 856 |
4 |
1 |
|u http://www.upn.gov.sk/data/publikacie/pamat-naroda/pamat-naroda-01-2005.pdf
|
| 958 |
|
|
|a article27
|
| 958 |
|
|
|a OND
|
| 999 |
|
|
|c 2906366
|d 2908296
|